[Event "POL-ch Seniors"]
[Site "Szklarska Poreba"]
[Date "2022.05.17"]
[Round "7"]
[White "Karczynski, Lech"]
[Black "Lada, Ireneusz"]
[Result "0-1"]
[WhiteElo "1620"]
[BlackElo "1782"]
[PlyCount "62"]
[EventDate "2022.05.13"]
[EventType "swiss"]
[EventRounds "9"]
[EventCountry "POL"]
[SourceTitle "EXT 2024"]
[Source "ChessBase"]
[SourceDate "2023.10.10"]
[SourceVersion "1"]
[SourceVersionDate "2023.10.10"]
[SourceQuality "1"]

1. d4 d6 2. e4 g6 3. c4 Bg7 4. Nc3 Nd7 5. Be3 e5 6. Nf3 Ne7 7. Qd2 0-0 8. Bh6 f6 9. h4 a6 10. h5 g5 11. Bxg7 Kxg7 12. dxe5 dxe5 13. 0-0-0 Qe8 14. Be2 h6 15. Nd5 Nxd5 16. exd5 Qf7 17. Qe3 b6 18. Bd3 Nc5 19. Bg6 Qd7 20. b4 Nb7 21. Bc2 Re8 22. c5 bxc5 23. bxc5 Qb5 24. Qe4 f5 25. Qe3 Qxc5 26. Qd2 Nd6 27. Kb1 Nc4 28. Qe2 Na3+ 29. Kc1 Rb8 30. Ne1 Rb1+ 31. Kd2 Qxd5+ 0-1

[Event "POL-ch Seniors"]
[Site "Szklarska Poreba"]
[Date "2022.05.17"]
[Round "6"]
[White "Wroblewski, Wojciech"]
[Black "Karczynski, Lech"]
[Result "0-1"]
[WhiteElo "1586"]
[BlackElo "1620"]
[PlyCount "52"]
[EventDate "2022.05.13"]
[EventType "swiss"]
[EventRounds "9"]
[EventCountry "POL"]
[SourceTitle "EXT 2024"]
[Source "ChessBase"]
[SourceDate "2023.10.10"]
[SourceVersion "1"]
[SourceVersionDate "2023.10.10"]
[SourceQuality "1"]

1. e4 d6 2. d4 Nf6 3. Nc3 Nbd7 4. Nf3 e5 5. dxe5 dxe5 6. Bc4 Be7 7. Bg5 0-0 8. Qe2 c6 9. 0-0 Qc7 10. Bb3 Nc5 11. h3 a5 12. Na4 Nxa4 13. Bxa4 b5 14. Nh2 bxa4 15. f4 h6 16. Bxf6 Bxf6 17. f5 Ba6 18. Qh5 Bxf1 19. Rxf1 Qb6+ 20. Kh1 Qe3 21. Nf3 Rfd8 22. g4 Qe2 23. Kg1 Rd1 24. Rxd1 Qxd1+ 25. Kg2 Qe2+ 26. Kg3 Qxe4 0-1

[Event "Wloclawek CC Classic 21st"]
[Site "Wloclawek"]
[Date "2018.??.??"]
[Round "3"]
[White "Kaczynski, Maciej"]
[Black "Karczynski, Lech"]
[Result "0-1"]
[WhiteElo "1469"]
[BlackElo "1783"]
[PlyCount "118"]
[EventDate "2018.06.??"]
[EventType "swiss"]
[EventRounds "7"]
[EventCountry "POL"]
[SourceTitle "EXT 2021"]
[Source "ChessBase"]
[SourceDate "2020.10.23"]
[SourceVersion "1"]
[SourceVersionDate "2020.10.23"]
[SourceQuality "1"]

1. f4 e5 2. d3 Bc5 3. Nf3 d6 4. g3 Nf6 5. c3 0-0 6. b4 Bb6 7. d4 exd4 8. cxd4 Qe7 9. Nc3 Bf5 10. Bg2 Nbd7 11. 0-0 c6 12. Nh4 Be4 13. Bf3 d5 14. a3 Rfe8 15. Kg2 Nf8 16. h3 Ne6 17. e3 Qd7 18. Bxe4 dxe4 19. Bb2 Nc7 20. Na4 Ncd5 21. Qe2 a5 22. Nc5 Bxc5 23. bxc5 a4 24. g4 g6 25. Kg3 Ra5 26. Ng2 Rb5 27. Rfe1 Qc7 28. Kf2 Rb3 29. Bc1 b6 30. Qc4 b5 31. Qc2 Qd7 32. Bd2 h5 33. g5 Nh7 34. Qd1 Qxh3 35. Rh1 Qe6 36. Nh4 Nxf4 37. exf4 e3+ 38. Kg2 exd2 39. Qxd2 Qg4+ 40. Kf1 Rbe3 41. Qf2 Re2 42. Qf3 Qe6 43. Rd1 Re3 44. Qf2 Qb3 45. Rd2 Qc4+ 46. Kg1 Re1+ 47. Kh2 R1e2 48. Nf3 Rxf2+ 49. Rxf2 Re2 50. Kg2 Rxf2+ 51. Kxf2 Qa2+ 52. Kg3 Qxa3 53. Re1 h4+ 54. Kf2 Kf8 55. Rh1 Qb2+ 56. Ke3 a3 57. Rxh4 Kg7 58. Ne5 a2 59. Nxc6 a1Q 0-1

[Event "Wloclawek CC Classic 19th"]
[Site "Wloclawek"]
[Date "2017.??.??"]
[Round "4"]
[White "Jablonski, Miroslaw"]
[Black "Karczynski, Lech"]
[Result "1-0"]
[WhiteElo "1942"]
[BlackElo "1735"]
[PlyCount "103"]
[EventDate "2017.06.??"]
[EventType "swiss"]
[EventRounds "7"]
[EventCountry "POL"]
[SourceTitle "EXT 2021"]
[Source "ChessBase"]
[SourceDate "2020.10.23"]
[SourceVersion "1"]
[SourceVersionDate "2020.10.23"]
[SourceQuality "1"]

1. d4 Nf6 2. Nf3 e6 3. Nbd2 d5 4. e3 c6 5. Bd3 Nbd7 6. Qe2 Bd6 7. 0-0 0-0 8. e4 dxe4 9. Nxe4 Nxe4 10. Qxe4 Nf6 11. Qh4 Re8 12. Ne5 Bf8 13. Ng4 h6 14. Bxh6 Nxg4 15. Bh7+ Kh8 16. Bg5 Be7 17. Bd3+ Nh6 18. Bxe7 Qxe7 19. Qe4 f5 20. Qe2 Ng4 21. f3 Nf6 22. Rae1 Qd6 23. Qf2 Qf4 24. Re5 Bd7 25. g3 Qh6 26. c4 b6 27. Rd1 Rad8 28. b4 Bc8 29. Rde1 Nd7 30. R5e2 Qf6 31. f4 Nf8 32. d5 cxd5 33. c5 bxc5 34. Qxc5 Qf7 35. Bb5 Re7 36. Rc2 Bd7 37. Ba6 Ba4 38. Rcc1 Nh7 39. Qa5 Qe8 40. b5 Bxb5 41. Bxb5 Qf8 42. Rc6 d4 43. Bd3 Qe8 44. Rcxe6 Rxe6 45. Rxe6 Qd7 46. Qxf5 Nf6 47. Qh3+ Kg8 48. Bc4 Nd5 49. Qf5 Qa4 50. Bxd5 Rxd5 51. Qxd5 Qd1+ 52. Re1+ 1-0

[Event "Wloclawek CC Classic 19th"]
[Site "Wloclawek"]
[Date "2017.??.??"]
[Round "5"]
[White "Karczynski, Lech"]
[Black "Jeziorny, Janusz"]
[Result "1-0"]
[WhiteElo "1735"]
[BlackElo "1814"]
[PlyCount "67"]
[EventDate "2017.06.??"]
[EventType "swiss"]
[EventRounds "7"]
[EventCountry "POL"]
[SourceTitle "EXT 2021"]
[Source "ChessBase"]
[SourceDate "2020.10.23"]
[SourceVersion "1"]
[SourceVersionDate "2020.10.23"]
[SourceQuality "1"]

1. e4 c6 2. d4 d5 3. exd5 cxd5 4. c4 Nf6 5. Nc3 Nc6 6. Nf3 Bg4 7. cxd5 Nxd5 8. Qb3 Bxf3 9. gxf3 Nxd4 10. Bb5+ Nxb5 11. Qxb5+ Qd7 12. Qxd7+ Kxd7 13. Nxd5 e6 14. Nc3 Bd6 15. 0-0 Rhd8 16. Bg5 f6 17. Bh4 Ke7 18. Rfd1 Be5 19. Rxd8 Rxd8 20. Rd1 Bd4 21. Bg3 b5 22. Kf1 b4 23. Nb5 e5 24. Nxd4 exd4 25. Ke2 Ke6 26. Kd3 Rc8 27. Rd2 b3 28. axb3 Kd5 29. Rc2 Re8 30. Rc4 Re1 31. Rxd4+ Kc5 32. Rc4+ Kb5 33. Rc7 a5 34. Rxg7 1-0

[Event "Wloclawek CC Classic 19th"]
[Site "Wloclawek"]
[Date "2017.??.??"]
[Round "3"]
[White "Karczynski, Lech"]
[Black "Muzalewski, Slawomir"]
[Result "1-0"]
[WhiteElo "1735"]
[BlackElo "1377"]
[PlyCount "115"]
[EventDate "2017.06.??"]
[EventType "swiss"]
[EventRounds "7"]
[EventCountry "POL"]
[SourceTitle "EXT 2021"]
[Source "ChessBase"]
[SourceDate "2020.10.23"]
[SourceVersion "1"]
[SourceVersionDate "2020.10.23"]
[SourceQuality "1"]

1. e4 g6 2. d4 Bg7 3. Nc3 d6 4. Be3 Nf6 5. f3 0-0 6. Qd2 c6 7. 0-0-0 b5 8. h4 b4 9. Nce2 Qa5 10. Kb1 Be6 11. Nc1 Nbd7 12. Nge2 Nb6 13. Nf4 Bc4 14. Nfd3 Rfc8 15. Qxb4 Qxb4 16. Nxb4 a5 17. Nbd3 Rab8 18. g4 Nfd7 19. h5 c5 20. hxg6 fxg6 21. c3 Na4 22. Ka1 Bxd3 23. Bxd3 Nxb2 24. Rd2 Na4 25. Ne2 c4 26. Bc2 Nab6 27. f4 e6 28. Ng3 a4 29. f5 e5 30. fxg6 hxg6 31. Rdh2 Nf6 32. Bd1 Kf7 33. d5 a3 34. g5 Nfd7 35. Bg4 Rc7 36. Rb1 Nc5 37. Be2 Rcb7 38. Bxc5 dxc5 39. Bg4 Na4 40. Rxb7+ Rxb7 41. Rc2 Nb2 42. d6 Nd3 43. d7 Ke7 44. Rh2 Kd8 45. Nf1 Nc1 46. Ne3 Nb3+ 47. axb3 cxb3 48. Nc4 b2+ 49. Nxb2 axb2+ 50. Rxb2 Rxb2 51. Kxb2 Bf8 52. Kb3 Be7 53. Kc4 Bxg5 54. Kxc5 Be7+ 55. Kd5 Bf8 56. c4 Bg7 57. Ke6 Kc7 58. Ke7 1-0

[Event "Wloclawek CC Classic 19th"]
[Site "Wloclawek"]
[Date "2017.??.??"]
[Round "7"]
[White "Pawletko, Szymon"]
[Black "Karczynski, Lech"]
[Result "1-0"]
[WhiteElo "1816"]
[BlackElo "1735"]
[PlyCount "41"]
[EventDate "2017.06.??"]
[EventType "swiss"]
[EventRounds "7"]
[EventCountry "POL"]
[SourceTitle "EXT 2021"]
[Source "ChessBase"]
[SourceDate "2020.10.23"]
[SourceVersion "1"]
[SourceVersionDate "2020.10.23"]
[SourceQuality "1"]

1. e4 c5 2. Nf3 e6 3. d4 cxd4 4. Nxd4 Nf6 5. Bd3 Nc6 6. Nb3 Qc7 7. Nc3 a6 8. 0-0 Be7 9. Be3 0-0 10. f4 d6 11. Qf3 Bd7 12. g4 b5 13. g5 Ne8 14. Qh5 b4 15. Ne2 e5 16. f5 g6 17. Qh6 Bd8 18. Rf3 Ng7 19. Rh3 Nh5 20. Rxh5 gxh5 21. f6 1-0

[Event "POL-chT 2nd League"]
[Site "Jastrzebia Gora"]
[Date "2016.09.11"]
[Round "9.101"]
[White "Karczynski, Lech"]
[Black "Milczarek, Robert"]
[Result "0-1"]
[WhiteElo "1651"]
[BlackElo "1740"]
[PlyCount "80"]
[EventDate "2016.09.03"]
[EventType "team-swiss"]
[EventRounds "9"]
[EventCountry "POL"]
[SourceTitle "EXT 2017"]
[Source "ChessBase"]
[SourceDate "2016.10.25"]
[SourceVersion "1"]
[SourceVersionDate "2016.10.25"]
[SourceQuality "1"]
[WhiteTeam "Lipusz WDA"]
[BlackTeam "Skoczek Trojanski"]
[WhiteTeamCountry "POL"]
[BlackTeamCountry "POL"]

1. d4 Nf6 2. c4 g6 3. Nc3 Bg7 4. e4 d6 5. f4 0-0 6. Nf3 c5 7. d5 e6 8. Be2 exd5 9. exd5 Re8 10. 0-0 Na6 11. Bd3 Bf5 12. Bxf5 gxf5 13. Qc2 Ne4 14. a3 Qf6 15. Bd2 Nc7 16. Rae1 Qg6 17. Nxe4 fxe4 18. f5 Qh5 19. Rxe4 Rxe4 20. Qxe4 Re8 21. Qf4 Be5 22. Nxe5 Rxe5 23. Bc3 Re2 24. Bf6 Ne8 25. Qg3+ Kf8 26. Bc3 Re4 27. b3 Rg4 28. Qf3 Qg5 29. Bd2 Qg7 30. Bh6 Rxg2+ 31. Qxg2 Qxh6 32. Kh1 Qf6 33. Qe4 Ng7 34. b4 b6 35. bxc5 bxc5 36. Rb1 Nxf5 37. Rb8+ Kg7 38. Qg4+ Kh6 39. Rb3 Nh4 40. Rh3 Qf1+ 0-1

[Event "Tatry op"]
[Site "Tatranske Zruby"]
[Date "2013.10.04"]
[Round "7"]
[White "Karczynski, Lech"]
[Black "Andras, Anton"]
[Result "1-0"]
[WhiteElo "1811"]
[BlackElo "1614"]
[PlyCount "65"]
[EventDate "2013.09.29"]
[EventType "swiss"]
[EventRounds "9"]
[EventCountry "SVK"]
[SourceTitle "EXT 2023"]
[Source "ChessBase"]
[SourceDate "2022.10.05"]
[SourceVersion "1"]
[SourceVersionDate "2022.10.05"]
[SourceQuality "1"]

1. e4 e6 2. d4 d5 3. e5 c5 4. dxc5 Bxc5 5. Qg4 Bf8 6. Bd3 Nc6 7. Nf3 g6 8. 0-0 Bd7 9. Bf4 Nb4 10. Nc3 Nxd3 11. cxd3 Nh6 12. Qh3 Nf5 13. Rac1 Bg7 14. g4 Ne7 15. Bh6 0-0 16. Ng5 f6 17. Bxg7 fxg5 18. Bxf8 Qxf8 19. Qg3 Qf4 20. Qxf4 gxf4 21. d4 g5 22. f3 Ng6 23. Kf2 Nh4 24. a4 a6 25. b4 Rc8 26. Ne2 Bc6 27. b5 Bd7 28. Rxc8+ Bxc8 29. Rc1 Bd7 30. Rc7 Be8 31. Rxb7 axb5 32. axb5 h6 33. b6 1-0

[Event "Tatry op"]
[Site "Tatranske Zruby"]
[Date "2013.10.01"]
[Round "4"]
[White "Strnad, Radek"]
[Black "Karczynski, Lech"]
[Result "1/2-1/2"]
[WhiteElo "1710"]
[BlackElo "1811"]
[PlyCount "39"]
[EventDate "2013.09.29"]
[EventType "swiss"]
[EventRounds "9"]
[EventCountry "SVK"]
[SourceTitle "EXT 2023"]
[Source "ChessBase"]
[SourceDate "2022.10.05"]
[SourceVersion "1"]
[SourceVersionDate "2022.10.05"]
[SourceQuality "1"]

1. d4 d5 2. Bg5 Nf6 3. Bxf6 exf6 4. e3 Be6 5. Bd3 c6 6. Nd2 Nd7 7. Qf3 Nb6 8. Ne2 Nc4 9. Nxc4 dxc4 10. Be4 g6 11. c3 f5 12. Bc2 Bd5 13. e4 fxe4 14. Bxe4 Bxe4 15. Qxe4+ Qe7 16. f3 Qxe4 17. fxe4 Bh6 18. 0-0 0-0 19. Rad1 Rfe8 20. Ng3 1/2-1/2

[Event "Tatry op"]
[Site "Tatranske Zruby"]
[Date "2013.09.29"]
[Round "1"]
[White "Karczynski, Lech"]
[Black "Butora, Frantisek"]
[Result "1-0"]
[WhiteElo "1811"]
[BlackElo "1631"]
[PlyCount "79"]
[EventDate "2013.09.29"]
[EventType "swiss"]
[EventRounds "9"]
[EventCountry "SVK"]
[SourceTitle "EXT 2023"]
[Source "ChessBase"]
[SourceDate "2022.10.05"]
[SourceVersion "1"]
[SourceVersionDate "2022.10.05"]
[SourceQuality "1"]

1. e4 e5 2. Nf3 Nc6 3. d4 exd4 4. Bc4 Be7 5. c3 Bf6 6. cxd4 Na5 7. Qe2 Nxc4 8. Qxc4 Nh6 9. 0-0 0-0 10. Bf4 c6 11. Qc1 Kh8 12. Nc3 Ng8 13. e5 Be7 14. Ne4 f6 15. Nd6 Bxd6 16. exd6 g5 17. Bg3 Nh6 18. Qc2 Qa5 19. Rfe1 Qf5 20. Re4 b6 21. Qe2 Ba6 22. Qe1 Bc4 23. h3 Bd5 24. Re3 Qg6 25. Re7 Rae8 26. Qd2 Rd8 27. Rae1 Rfe8 28. Ne5 fxe5 29. Bxe5+ Kg8 30. Rg7+ Qxg7 31. Bxg7 Rxe1+ 32. Qxe1 Kxg7 33. Qe5+ Kg6 34. g4 Nf7 35. Qe7 Bxa2 36. h4 gxh4 37. f4 h3 38. Kh2 h5 39. f5+ Kh6 40. g5+ 1-0

[Event "POL-chT3 Pomorskie"]
[Site "Poland"]
[Date "2013.06.09"]
[Round "9.12"]
[White "Karczynski, Lech"]
[Black "Ulanowski, Marek"]
[Result "1-0"]
[WhiteElo "1850"]
[BlackElo "1424"]
[PlyCount "68"]
[EventDate "2013.01.13"]
[EventType "team-tourn"]
[EventRounds "9"]
[EventCountry "POL"]
[SourceTitle "EXT 2019"]
[Source "ChessBase"]
[SourceDate "2018.10.10"]
[SourceVersion "1"]
[SourceVersionDate "2018.10.10"]
[SourceQuality "1"]
[WhiteTeam "Lipusz WDA"]
[BlackTeam "Tzcew Skoczek"]
[WhiteTeamCountry "POL"]
[BlackTeamCountry "POL"]

1. e4 c5 2. c3 Nf6 3. e5 Ng8 4. Nf3 e6 5. d4 cxd4 6. cxd4 d6 7. Bd3 dxe5 8. Nxe5 Nf6 9. 0-0 Be7 10. Be3 0-0 11. Nc3 Nc6 12. Nxc6 bxc6 13. Qc2 h6 14. Ne4 Bb7 15. Rac1 Rc8 16. Qe2 Ba8 17. Nc5 Qd5 18. Bb1 Rc7 19. Bf4 Bd6 20. Be5 Nd7 21. Be4 Qxa2 22. Ra1 Qxa1 23. Rxa1 Bxc5 24. Bxc7 Bxd4 25. Rd1 c5 26. Bxa8 Rxa8 27. Qe4 Rf8 28. Qb7 Nf6 29. h3 Nd5 30. Bg3 Bf6 31. Ra1 Nb4 32. Rxa7 Bxb2 33. Bd6 Rd8 34. Qxf7+ Kh8 1-0

[Event "POL-chT3 Pomorskie"]
[Site "Poland"]
[Date "2013.02.03"]
[Round "4.20"]
[White "Karczynski, Lech"]
[Black "Rycyk, Radoslaw"]
[Result "1-0"]
[WhiteElo "1850"]
[BlackElo "1715"]
[PlyCount "23"]
[EventDate "2013.01.13"]
[EventType "team-tourn"]
[EventRounds "9"]
[EventCountry "POL"]
[SourceTitle "EXT 2019"]
[Source "ChessBase"]
[SourceDate "2018.10.10"]
[SourceVersion "1"]
[SourceVersionDate "2018.10.10"]
[SourceQuality "1"]
[WhiteTeam "Lipusz WDA"]
[BlackTeam "Gdansk Gedania"]
[WhiteTeamCountry "POL"]
[BlackTeamCountry "POL"]

1. d4 d5 2. c4 e6 3. Nc3 g6 4. Nf3 Ne7 5. Bf4 a6 6. Be5 Rg8 7. Ng5 Nd7 8. Nxh7 Nf5 9. Nxf8 Rxf8 10. cxd5 Nxe5 11. dxe5 Qe7 12. e4 1-0

[Event "Tatry op"]
[Site "Tatranske Zruby"]
[Date "2012.09.30"]
[Round "9"]
[White "Ptacnik, Stanislav"]
[Black "Karczynski, Lech"]
[Result "1/2-1/2"]
[WhiteElo "2089"]
[BlackElo "1835"]
[PlyCount "74"]
[EventDate "2012.09.23"]
[EventType "swiss"]
[EventRounds "9"]
[EventCountry "SVK"]
[SourceTitle "CBM 150 Extra"]
[Source "ChessBase"]
[SourceDate "2012.10.19"]
[SourceVersion "1"]
[SourceVersionDate "2012.10.19"]
[SourceQuality "1"]

1. e4 Nf6 2. e5 Nd5 3. c4 Nb6 4. c5 Nd5 5. Bc4 e6 6. Nc3 Nxc3 7. bxc3 d6 8. cxd6 cxd6 9. Nf3 Nc6 10. exd6 Bxd6 11. d4 Bd7 12. 0-0 0-0 13. Ng5 h6 14. Ne4 Bxh2+ 15. Kxh2 Qh4+ 16. Kg1 Qxe4 17. Re1 Qh4 18. Re3 Rfd8 19. Rh3 Qf6 20. Ba3 Na5 21. Bd3 Bc6 22. Bb4 b6 23. Bxa5 bxa5 24. Rh5 Rd5 25. Rxd5 Bxd5 26. Qe2 Rb8 27. Rd1 g6 28. c4 Bc6 29. Rd2 Qg5 30. f3 h5 31. Qe5 Qxd2 32. Qxb8+ Kh7 33. Qd6 Qxd3 34. Qxc6 Qxd4+ 35. Kh2 Qh4+ 36. Kg1 Qe1+ 37. Kh2 Qh4+ 1/2-1/2

[Event "Tatry op"]
[Site "Tatranske Zruby"]
[Date "2012.09.27"]
[Round "6"]
[White "Karczynski, Lech"]
[Black "Sutak, Andrej"]
[Result "1-0"]
[WhiteElo "1835"]
[BlackElo "1966"]
[PlyCount "39"]
[EventDate "2012.09.23"]
[EventType "swiss"]
[EventRounds "9"]
[EventCountry "SVK"]
[SourceTitle "CBM 150 Extra"]
[Source "ChessBase"]
[SourceDate "2012.10.19"]
[SourceVersion "1"]
[SourceVersionDate "2012.10.19"]
[SourceQuality "1"]

1. e4 e5 2. Nf3 Nc6 3. Bb5 Nf6 4. Nc3 d6 5. d4 exd4 6. Qxd4 Bd7 7. Bxc6 Bxc6 8. Bg5 Be7 9. 0-0-0 0-0 10. Rhe1 a5 11. e5 Bxf3 12. exf6 gxf6 13. Bh6 Bxd1 14. Kxd1 Kh8 15. Nd5 c5 16. Qc3 Qd7 17. Nxe7 Qg4+ 18. f3 Qh4 19. Nf5 Qxe1+ 20. Qxe1 1-0

[Event "Tatry op"]
[Site "Tatranske Zruby"]
[Date "2012.09.26"]
[Round "5"]
[White "Sebo, Viktor"]
[Black "Karczynski, Lech"]
[Result "1/2-1/2"]
[WhiteElo "2073"]
[BlackElo "1835"]
[PlyCount "74"]
[EventDate "2012.09.23"]
[EventType "swiss"]
[EventRounds "9"]
[EventCountry "SVK"]
[SourceTitle "CBM 150 Extra"]
[Source "ChessBase"]
[SourceDate "2012.10.19"]
[SourceVersion "1"]
[SourceVersionDate "2012.10.19"]
[SourceQuality "1"]

1. e4 Nf6 2. e5 Nd5 3. d4 d6 4. c4 Nb6 5. Nf3 Bg4 6. Be2 e6 7. 0-0 Be7 8. Bf4 0-0 9. Nbd2 Nc6 10. h3 Bxf3 11. Nxf3 dxe5 12. Bxe5 Bf6 13. Bd3 Bxe5 14. dxe5 Nb4 15. Be4 Qxd1 16. Rfxd1 Rad8 17. a3 Nc6 18. b3 Rxd1+ 19. Rxd1 Rd8 20. Rxd8+ Nxd8 21. Nd4 a6 22. c5 Nd5 23. b4 Nc3 24. Bd3 c6 25. Kf1 Nb5 26. Bxb5 cxb5 27. f4 Nc6 28. Nf3 Kf8 29. Ng5 a5 30. bxa5 Nxa5 31. Ne4 Nc4 32. Nd6 Nxa3 33. Nxb7 b4 34. c6 Nb5 35. Ke1 b3 36. Kd2 b2 37. Kc2 Nd4+ 1/2-1/2

[Event "Tatry op"]
[Site "Tatranske Zruby"]
[Date "2012.09.25"]
[Round "3"]
[White "Plasil, Petr"]
[Black "Karczynski, Lech"]
[Result "1-0"]
[WhiteElo "2000"]
[BlackElo "1835"]
[PlyCount "55"]
[EventDate "2012.09.23"]
[EventType "swiss"]
[EventRounds "9"]
[EventCountry "SVK"]
[SourceTitle "CBM 150 Extra"]
[Source "ChessBase"]
[SourceDate "2012.10.19"]
[SourceVersion "1"]
[SourceVersionDate "2012.10.19"]
[SourceQuality "1"]

1. Nf3 Nf6 2. c4 e6 3. Nc3 d5 4. d4 Be7 5. e3 0-0 6. Be2 c6 7. 0-0 Nbd7 8. b3 Re8 9. Bb2 Nf8 10. Qc2 Ng6 11. Bd3 Bd6 12. e4 dxe4 13. Nxe4 Nxe4 14. Bxe4 Qa5 15. Bxg6 hxg6 16. Ne5 Qd8 17. f4 c5 18. Rad1 cxd4 19. Bxd4 Bxe5 20. fxe5 Qc7 21. Qf2 b6 22. Rd3 Bb7 23. Rh3 Qe7 24. Rh4 g5 25. Rg4 Rf8 26. Be3 Qc7 27. Bxg5 Qxe5 28. Bf6 1-0

[Event "Tatry op"]
[Site "Tatranske Zruby"]
[Date "2012.09.24"]
[Round "2"]
[White "Navratil, Jiri2222"]
[Black "Karczynski, Lech"]
[Result "1/2-1/2"]
[WhiteElo "2057"]
[BlackElo "1835"]
[PlyCount "120"]
[EventDate "2012.09.23"]
[EventType "swiss"]
[EventRounds "9"]
[EventCountry "SVK"]
[SourceTitle "CBM 150 Extra"]
[Source "ChessBase"]
[SourceDate "2012.10.19"]
[SourceVersion "1"]
[SourceVersionDate "2012.10.19"]
[SourceQuality "1"]

1. e4 Nf6 2. e5 Nd5 3. d4 d6 4. c4 Nb6 5. exd6 cxd6 6. Nc3 g6 7. Be3 Bg7 8. Nf3 0-0 9. Be2 Bg4 10. h3 Bxf3 11. Bxf3 Nc6 12. b3 e6 13. a3 d5 14. c5 Nc8 15. 0-0 N8e7 16. g3 Nf5 17. Ne2 Qf6 18. b4 Nfxd4 19. Nxd4 Nxd4 20. Bxd4 Qxd4 21. Qxd4 Bxd4 22. Rab1 Rfc8 23. Rfd1 Bf6 24. Rdc1 Be7 25. Be2 Rc7 26. Rc2 Rac8 27. Rbc1 Bg5 28. f4 Bf6 29. Kf2 Bd4+ 30. Kf3 Kf8 31. Bb5 a6 32. c6 b6 33. Bxa6 Ra8 34. b5 Ke7 35. a4 Kd6 36. Rb1 Bc5 37. a5 Re7 38. Ra1 bxa5 39. Rxa5 Bb6 40. Raa2 Rea7 41. Rab2 Kc7 42. Rb1 Kd6 43. Rbc1 Kc7 44. Ke2 Rd8 45. Kd3 Rda8 46. Rc3 Rd8 47. R1c2 Rda8 48. Rb3 Rd8 49. Rbb2 Rda8 50. Ra2 Kd6 51. Rc1 Kc7 52. Rb2 Rd8 53. Rc3 Rda8 54. Rb1 Rd8 55. Rbb3 Rda8 56. Bb7 Rd8 57. Ra3 Rxa3 58. Rxa3 Rb8 59. Ra6 Rd8 60. Kc3 h5 1/2-1/2

[Event "Tatry op"]
[Site "Tatranske Zruby"]
[Date "2011.09.27"]
[Round "4"]
[White "Hotak, Marian"]
[Black "Karczynski, Lech"]
[Result "1-0"]
[WhiteElo "2037"]
[BlackElo "1890"]
[PlyCount "61"]
[EventDate "2011.09.25"]
[EventType "swiss"]
[EventRounds "9"]
[EventCountry "SVK"]
[SourceTitle "CBM 144 Extra"]
[Source "ChessBase"]
[SourceDate "2011.10.28"]
[SourceVersion "1"]
[SourceVersionDate "2011.10.28"]
[SourceQuality "1"]

1. g3 d5 2. Bg2 Bf5 3. c4 c6 4. cxd5 cxd5 5. Qb3 Qc8 6. Nc3 e6 7. d3 Nc6 8. Nf3 Bb4 9. 0-0 Nf6 10. Bg5 0-0 11. Rfc1 Be7 12. e4 dxe4 13. dxe4 Bg4 14. e5 Ne8 15. Bxe7 Nxe7 16. Nd4 Qd7 17. Nc2 Rb8 18. Ne3 Bh5 19. g4 Bg6 20. Rd1 Qc7 21. Nc4 a6 22. Rac1 Nc6 23. Nb6 Rd8 24. Rxd8 Nxd8 25. Rd1 Kh8 26. Rd7 Qb8 27. Qb4 Rg8 28. f4 f6 29. Qe7 Nc6 30. Bxc6 bxc6 31. Rb7 1-0

[Event "Wroclaw Oct op"]
[Site "Wroclaw"]
[Date "2010.??.??"]
[Round "2"]
[White "Chrzanowski, Michal"]
[Black "Karczynski, Lech"]
[Result "1-0"]
[WhiteElo "1975"]
[BlackElo "1944"]
[PlyCount "95"]
[EventDate "2010.10.22"]
[EventType "swiss"]
[EventRounds "5"]
[EventCountry "POL"]
[SourceTitle "EXT 2011"]
[Source "ChessBase"]
[SourceDate "2010.11.26"]
[SourceVersion "1"]
[SourceVersionDate "2010.11.26"]
[SourceQuality "1"]

1. d4 Nf6 2. c4 g6 3. Nc3 Bg7 4. e4 d6 5. Nf3 0-0 6. Be2 Bg4 7. Be3 Nfd7 8. 0-0 Nc6 9. Qd2 Bxf3 10. Bxf3 e5 11. d5 Nd4 12. Be2 a6 13. Bd3 f5 14. exf5 gxf5 15. Bxd4 exd4 16. Ne2 Qh4 17. f4 Nf6 18. Bxf5 Ng4 19. Be6+ Kh8 20. Bxg4 Qxg4 21. Nxd4 Rf7 22. Ne6 Bf6 23. Rae1 Rg8 24. Qe2 Qg6 25. Qe4 Qh6 26. b3 Rg4 27. g3 Re7 28. Qf3 Qh3 29. Qg2 Qh5 30. h3 Rg8 31. Kh2 Qg6 32. g4 Bh4 33. Re3 h6 34. Qe4 Qf6 35. Re2 Qc3 36. Qd4+ Qxd4 37. Nxd4 Rxe2+ 38. Nxe2 Bf6 39. Kg3 Re8 40. Kf3 Kg7 41. Ng3 Kg6 42. Ne4 Bh4 43. Rd1 Kf7 44. Rd2 Kg6 45. Re2 b5 46. Nc3 Rxe2 47. Nxe2 Bf6 48. Ke4 1-0

[Event "Wroclaw Oct op"]
[Site "Wroclaw"]
[Date "2010.??.??"]
[Round "4"]
[White "Karczynski, Lech"]
[Black "Krupa, Krzysztof"]
[Result "0-1"]
[WhiteElo "1944"]
[BlackElo "2069"]
[PlyCount "92"]
[EventDate "2010.10.22"]
[EventType "swiss"]
[EventRounds "5"]
[EventCountry "POL"]
[SourceTitle "EXT 2011"]
[Source "ChessBase"]
[SourceDate "2010.11.26"]
[SourceVersion "1"]
[SourceVersionDate "2010.11.26"]
[SourceQuality "1"]

1. e4 e5 2. Nf3 Nc6 3. Nc3 g6 4. Bb5 Bg7 5. 0-0 Nge7 6. d3 h6 7. Be3 a6 8. Ba4 d6 9. h3 0-0 10. Bb3 Kh7 11. d4 f5 12. dxe5 fxe4 13. Nxe4 Nxe5 14. Nxe5 Bxe5 15. c3 Nf5 16. Qd2 Qh4 17. Bc2 Bd7 18. a4 Rae8 19. Qe1 Bc6 20. f4 Qxe1 21. Raxe1 Bg7 22. Bf2 b5 23. Ng3 bxa4 24. Nxf5 gxf5 25. Rxe8 Bxe8 26. Ra1 Bb5 27. Bxa4 Rb8 28. Bxb5 Rxb5 29. Rxa6 Rxb2 30. Ra7 c5 31. Rd7 Rb6 32. Bh4 Kg6 33. Be7 Bxc3 34. Rxd6+ Rxd6 35. Bxd6 Bd4+ 36. Kf1 Kf6 37. Ke2 Ke6 38. Bf8 h5 39. Kf3 c4 40. Ba3 Kd5 41. g4 fxg4+ 42. hxg4 hxg4+ 43. Kxg4 c3 44. Bc1 Ke4 45. f5 c2 46. Kg5 Be3+ 0-1

[Event "Wroclaw Oct op"]
[Site "Wroclaw"]
[Date "2010.??.??"]
[Round "3"]
[White "Kolasinski, Krzysztof"]
[Black "Karczynski, Lech"]
[Result "1/2-1/2"]
[WhiteElo "1931"]
[BlackElo "1944"]
[PlyCount "55"]
[EventDate "2010.10.22"]
[EventType "swiss"]
[EventRounds "5"]
[EventCountry "POL"]
[SourceTitle "EXT 2011"]
[Source "ChessBase"]
[SourceDate "2010.11.26"]
[SourceVersion "1"]
[SourceVersionDate "2010.11.26"]
[SourceQuality "1"]

1. e4 Nf6 2. Nc3 d6 3. d4 g6 4. Be2 Bg7 5. Be3 0-0 6. g4 e5 7. d5 c6 8. h4 cxd5 9. exd5 Qa5 10. f3 e4 11. Bd4 exf3 12. Bxf3 Re8+ 13. Kf2 Qb4 14. Kg3 Nh5+ 15. gxh5 Bxd4 16. Nge2 Be5+ 17. Kg2 Bg4 18. Qd3 Bf5 19. Qb5 Qxb5 20. Nxb5 Rc8 21. c3 Bd3 22. Nbd4 Nd7 23. Rad1 Bxe2 24. Nxe2 Nf6 25. hxg6 hxg6 26. Ng3 Kg7 27. h5 Rh8 28. hxg6 1/2-1/2